000 00275 a2200145 4500
001 168944
020 _a
040 _cMagnum
100 _aGabriel, Paulo
240 1 0 _aFicar
_lpor
245 1 0 _aFicar
362 0 _a1899
697 _aJ/ADOLESCENTE, NAMORO
942 _cBK
999 _c168944
_d168944